[Event "Keres Mem Rapid"]
[Site "Tallinn EST"]
[Date "2005.01.08"]
[Round "1"]
[White "Rytshagov, M."]
[Black "Shirov, A."]
[Result "1/2-1/2"]
[WhiteElo "2442"]
[BlackElo "2726"]
[PlyCount "46"]
[EventDate "2005.01.08"]
[Source "Mark Crowther"]
[SourceDate "2005.01.24"]

1. e4 e5 2. Nf3 Nf6 3. Nxe5 d6 4. Nf3 Nxe4 5. d4 d5 6. Bd3 Nc6 7. O-O Be7 8. c4
Nb4 9. Be2 O-O 10. Nc3 Bf5 11. a3 Nxc3 12. bxc3 Nc6 13. Re1 Re8 14. Bf4 dxc4
15. Bxc4 Bd6 16. Rxe8+ Qxe8 17. Bxd6 cxd6 18. Ng5 Bg6 19. h4 Qe7 20. Qg4 h6 21.
Nh3 Qe4 22. Nf4 Ne5 23. dxe5 Qxc4 1/2-1/2

[Event "Keres Mem Rapid"]
[Site "Tallinn EST"]
[Date "2005.01.08"]
[Round "1"]
[White "Malaniuk, V."]
[Black "Balashov, Y."]
[Result "1/2-1/2"]
[WhiteElo "2513"]
[BlackElo "2469"]
[PlyCount "45"]
[EventDate "2005.01.08"]
[Source "Mark Crowther"]
[SourceDate "2005.01.24"]

1. d4 Nf6 2. c4 e6 3. Nf3 Bb4+ 4. Nbd2 b6 5. a3 Bxd2+ 6. Bxd2 Bb7 7. Bg5 d6 8.
e3 Nbd7 9. Nd2 c5 10. Bh4 O-O 11. Bd3 Qe7 12. O-O Rac8 13. Be4 Bxe4 14. Nxe4 d5
15. cxd5 exd5 16. Nc3 Qe6 17. Qa4 cxd4 18. Bxf6 Nxf6 19. Qxd4 Rc4 20. Qd3 Rfc8
21. Rad1 R4c5 22. h3 h6 23. Ne2 1/2-1/2

[Event "Keres Mem Rapid"]
[Site "Tallinn EST"]
[Date "2005.01.08"]
[Round "1"]
[White "Dobrov, V."]
[Black "Gelfand, B."]
[Result "1/2-1/2"]
[WhiteElo "2487"]
[BlackElo "2693"]
[PlyCount "154"]
[EventDate "2005.01.08"]
[Source "Mark Crowther"]
[SourceDate "2005.01.24"]

1. d4 d5 2. c4 c6 3. Nc3 Nf6 4. e3 a6 5. Nf3 b5 6. b3 Bg4 7. Be2 e6 8. O-O Nbd7
9. h3 Bf5 10. Bd3 Bb4 11. Ne2 Bxd3 12. Qxd3 O-O 13. Bb2 bxc4 14. bxc4 Qa5 15.
Ng3 Rab8 16. e4 dxe4 17. Nxe4 Be7 18. Bc1 c5 19. Bf4 Rbd8 20. d5 exd5 21. cxd5
c4 22. Qxc4 Nb6 23. Qc3 Qxc3 24. Nxc3 Nbxd5 25. Nxd5 Nxd5 26. Be5 f6 27. Bd4
Rd7 28. Rfc1 Rb8 29. Rc6 a5 30. Ra6 Nb4 31. Rxa5 Nc2 32. Rd1 Rbd8 33. Ra4 Bb4
34. a3 Bc3 35. Bxc3 Rxd1+ 36. Kh2 R1d3 37. Bb4 Nxb4 38. axb4 Rb8 39. h4 Rd5 40.
Ne1 Rd4 41. Nf3 Rdxb4 42. Ra7 h5 43. Rd7 Re4 44. Rd2 Kh7 45. Ra2 Kg6 46. Kg3
Rg4+ 47. Kh3 Rgb4 48. Kg3 Rb2 49. Ra4 R8b4 50. Ra6 Kh7 51. Nh2 Rc4 52. Ra3 Kh6
53. Rd3 Rbb4 54. Nf3 Rg4+ 55. Kh2 Rb2 56. Kg1 Ra4 57. Rd1 Raa2 58. Rf1 Rb3 59.
Rd1 Rba3 60. Rd8 Ra1+ 61. Kh2 R3a2 62. Kg3 Rf1 63. Nd2 Rd1 64. Rh8+ Kg6 65. Ne4
Rd3+ 66. f3 Rb3 67. Kh3 Rbb2 68. Nc3 Ra5 69. Rd8 Kf7 70. Rd7+ Kg8 71. Nd5 Rb1
72. Nf4 Kh7 73. Ne6 Kh6 74. Nxg7 Re1 75. g4 hxg4+ 76. fxg4 Kg6 77. Nf5 Rxf5
1/2-1/2

[Event "Keres Mem Rapid"]
[Site "Tallinn EST"]
[Date "2005.01.08"]
[Round "1"]
[White "Karpov, Ana"]
[Black "Brodsky, M."]
[Result "1/2-1/2"]
[WhiteElo "2682"]
[BlackElo "2533"]
[PlyCount "50"]
[EventDate "2005.01.08"]
[Source "Mark Crowther"]
[SourceDate "2005.01.24"]

1. d4 Nf6 2. c4 e6 3. Nf3 b6 4. g3 Bb7 5. Bg2 Be7 6. Nc3 O-O 7. O-O Ne4 8. Bd2
f5 9. Qc2 Bf6 10. Rfd1 Nxc3 11. Bxc3 Be4 12. Qd2 d5 13. cxd5 Bxd5 14. b4 c6 15.
a4 Nd7 16. Ne1 Bg5 17. Qb2 Bxg2 18. Nxg2 Nf6 19. Bd2 Nd5 20. b5 Rc8 21. Rac1
Bxd2 22. Rxd2 cxb5 23. Rxc8 Qxc8 24. axb5 Qd7 25. Qb3 Rc8 1/2-1/2

[Event "Keres Mem Rapid"]
[Site "Tallinn EST"]
[Date "2005.01.08"]
[Round "2"]
[White "Rytshagov, M."]
[Black "Malaniuk, V."]
[Result "1/2-1/2"]
[WhiteElo "2442"]
[BlackElo "2513"]
[PlyCount "34"]
[EventDate "2005.01.08"]
[Source "Mark Crowther"]
[SourceDate "2005.01.24"]

1. e4 e5 2. Nf3 Nc6 3. d4 exd4 4. Nxd4 Bc5 5. Nxc6 Qf6 6. Qd2 dxc6 7. Bd3 Bd4
8. O-O Ne7 9. Qe2 Ng6 10. Nd2 Bxb2 11. Bxb2 Qxb2 12. f4 Ne7 13. Rab1 Qa3 14.
Qe3 Qd6 15. e5 Nd5 16. Qd4 Qe7 17. f5 Nb6 1/2-1/2

[Event "Keres Mem Rapid"]
[Site "Tallinn EST"]
[Date "2005.01.08"]
[Round "2"]
[White "Balashov, Y."]
[Black "Dobrov, V."]
[Result "1-0"]
[WhiteElo "2469"]
[BlackElo "2487"]
[PlyCount "65"]
[EventDate "2005.01.08"]
[Source "Mark Crowther"]
[SourceDate "2005.01.24"]

1. d4 Nf6 2. c4 c5 3. d5 b5 4. g3 d6 5. Bg2 g6 6. Nf3 b4 7. O-O Bg7 8. a3 bxa3
9. Rxa3 O-O 10. Nc3 Na6 11. e4 Nc7 12. h3 Nd7 13. Bg5 h6 14. Bd2 e6 15. Re1 Kh7
16. Bf4 e5 17. Bd2 f5 18. exf5 gxf5 19. Nh4 Nf6 20. f4 e4 21. Kh2 Rg8 22. Qe2
Qe7 23. Nd1 Qf7 24. Ne3 Rb8 25. Bc1 Ba6 26. Nexf5 Bf8 27. b3 Re8 28. Bb2 h5 29.
Bxf6 Qxf6 30. Qxh5+ Bh6 31. Qxh6+ Qxh6 32. Nxh6 Kxh6 33. Bxe4 1-0

[Event "Keres Mem Rapid"]
[Site "Tallinn EST"]
[Date "2005.01.08"]
[Round "2"]
[White "Shirov, A."]
[Black "Brodsky, M."]
[Result "1-0"]
[WhiteElo "2726"]
[BlackElo "2533"]
[PlyCount "129"]
[EventDate "2005.01.08"]
[Source "Mark Crowther"]
[SourceDate "2005.01.24"]

1. e4 c5 2. Nf3 d6 3. d4 cxd4 4. Nxd4 Nf6 5. Nc3 Nc6 6. Bg5 e6 7. Qd2 Qb6 8.
Bxf6 gxf6 9. Nb3 a6 10. O-O-O Bd7 11. f4 O-O-O 12. Be2 h5 13. Rhf1 Be7 14. Rf3
Rdg8 15. Bf1 Kb8 16. Rd3 Qc7 17. Qf2 Rc8 18. Kb1 Be8 19. Na4 Nb4 20. Rc3 Qd8
21. Nac5 Rc7 22. a3 Nc6 23. f5 Qc8 24. Nd3 Ne5 25. Rxc7 Qxc7 26. Nf4 Bd7 27.
Nd4 Qc8 28. Qg3 Rg8 29. Qb3 exf5 30. Nxf5 Bxf5 31. exf5 Ka7 32. Nxh5 Qxf5 33.
Qe3+ Ka8 34. Nf4 Rc8 35. Bd3 Qg5 36. Be4 f5 37. Bd5 Bd8 38. g3 Qe7 39. Qb3 Qc7
40. Rf1 Ka7 41. Ne2 Qd7 42. Rxf5 Bb6 43. Rf4 Rc7 44. h4 Bc5 45. Ka2 Qe8 46. Nc3
Be3 47. Rb4 Qd7 48. Nb5+ axb5 49. Qxe3+ Rc5 50. Bb3 Kb8 51. Rf4 Nc4 52. Qd4 Ne5
53. h5 Qe7 54. h6 Rc8 55. Qe4 Qg5 56. h7 Rh8 57. Bxf7 Qg7 58. Bg8 Rxg8 59.
hxg8=Q+ Qxg8+ 60. b3 Qxg3 61. Qb4 Kc7 62. Qa5+ Kc6 63. Rb4 Qg2 64. Qxb5+ Kc7
65. Kb2 1-0

[Event "Keres Mem Rapid"]
[Site "Tallinn EST"]
[Date "2005.01.08"]
[Round "3"]
[White "Dobrov, V."]
[Black "Rytshagov, M."]
[Result "1/2-1/2"]
[WhiteElo "2487"]
[BlackElo "2442"]
[PlyCount "20"]
[EventDate "2005.01.08"]
[Source "Mark Crowther"]
[SourceDate "2005.01.24"]

1. d4 d5 2. c4 dxc4 3. e3 Nf6 4. Nf3 a6 5. Bxc4 e6 6. O-O b5 7. Bb3 b4 8. a4
Bb7 9. a5 c5 10. Nbd2 Be7 1/2-1/2

[Event "Keres Mem Rapid"]
[Site "Tallinn EST"]
[Date "2005.01.08"]
[Round "3"]
[White "Malaniuk, V."]
[Black "Shirov, A."]
[Result "1/2-1/2"]
[WhiteElo "2513"]
[BlackElo "2726"]
[PlyCount "94"]
[EventDate "2005.01.08"]
[Source "Mark Crowther"]
[SourceDate "2005.01.24"]

1. d4 d5 2. c4 c6 3. e3 Nf6 4. Nf3 Bf5 5. Nc3 e6 6. Bd3 Bxd3 7. Qxd3 Nbd7 8.
O-O Bb4 9. Bd2 a5 10. a3 Be7 11. Rfd1 O-O 12. e4 Nb6 13. exd5 cxd5 14. c5 Nc4
15. Bc1 a4 16. Nxa4 Rxa4 17. b3 Ra5 18. bxc4 dxc4 19. Qxc4 Rxc5 20. Qb3 Rb5 21.
Qc2 Qd7 22. a4 Rd5 23. Rb1 Rd8 24. Be3 e5 25. h3 h6 26. Qb3 Bf8 27. a5 Qc7 28.
Qxb7 Qxb7 29. Rxb7 Ra8 30. Ra1 exd4 31. Bxd4 Rdxa5 32. Rxa5 Rxa5 33. Bxf6 gxf6
34. g3 Bc5 35. Rb2 h5 36. Kg2 Kg7 37. Rd2 Ba7 38. Nh4 Bb6 39. Rd3 Ra2 40. Rf3
Bc5 41. Rf5 Bb6 42. Rf3 Bc5 43. g4 hxg4 44. hxg4 Rb2 45. Kg3 Bd6+ 46. Kh3 Bc5
47. Kg2 Ra2 1/2-1/2

[Event "Keres Mem Rapid"]
[Site "Tallinn EST"]
[Date "2005.01.08"]
[Round "3"]
[White "Brodsky, M."]
[Black "Gelfand, B."]
[Result "1/2-1/2"]
[WhiteElo "2533"]
[BlackElo "2693"]
[PlyCount "83"]
[EventDate "2005.01.08"]
[Source "Mark Crowther"]
[SourceDate "2005.01.24"]

1. c4 Nf6 2. Nc3 e5 3. Nf3 Nc6 4. g3 Bc5 5. d3 d6 6. Bg2 h6 7. O-O O-O 8. a3 a6
9. b4 Ba7 10. Bb2 Be6 11. Nd2 Qd7 12. Nd5 Nh7 13. e3 Rab8 14. Kh1 Ne7 15. Nxe7+
Qxe7 16. d4 Bf5 17. e4 Bd7 18. d5 f5 19. exf5 Bxf5 20. Qe2 Nf6 21. f4 e4 22.
Bxf6 Qxf6 23. Nxe4 Qg6 24. Rae1 Rbe8 25. Qf3 Re7 26. Nf2 Rfe8 27. Rxe7 Rxe7 28.
g4 Bc2 29. Qc3 Re3 30. Qd2 Bb3 31. c5 Qe8 32. Qd4 Bc2 33. g5 hxg5 34. fxg5 Re1
35. Qc3 Rxf1+ 36. Bxf1 Bf5 37. Qf3 Qe5 38. Bd3 Bxd3 39. Qxd3 Qxg5 40. Qe4 Qf6
41. Qe8+ Kh7 42. Qh5+ 1/2-1/2

[Event "Keres Mem Rapid"]
[Site "Tallinn EST"]
[Date "2005.01.09"]
[Round "4"]
[White "Rytshagov, M."]
[Black "Karpov, Ana"]
[Result "1/2-1/2"]
[WhiteElo "2442"]
[BlackElo "2682"]
[PlyCount "73"]
[EventDate "2005.01.08"]
[Source "Mark Crowther"]
[SourceDate "2005.01.24"]

1. e4 c6 2. d4 d5 3. e5 Bf5 4. f4 e6 5. Nf3 Ne7 6. Be2 c5 7. dxc5 Nec6 8. Be3
Nd7 9. Nc3 Nxc5 10. O-O a6 11. Nd4 Nxd4 12. Bxd4 h5 13. b4 Nd7 14. a3 Rc8 15.
Bd3 g6 16. Ne2 Nb6 17. h3 Be7 18. Ng3 h4 19. Nh1 Na4 20. Nf2 Nc3 21. Qf3 Qc7
22. Ng4 Nb5 23. Bxb5+ axb5 24. c3 Qc6 25. Nf6+ Bxf6 26. exf6 Ra8 27. Qf2 Kd7
28. Rfd1 Ra6 29. Rd2 Kc8 30. Qe1 b6 31. Qf2 Kb7 32. Kh2 Qc4 33. Kg1 Be4 34. Be5
Bf5 35. Bd4 Rh5 36. Qe3 Rh8 37. Qf2 1/2-1/2

[Event "Keres Mem Rapid"]
[Site "Tallinn EST"]
[Date "2005.01.09"]
[Round "5"]
[White "Brodsky, M."]
[Black "Rytshagov, M."]
[Result "1/2-1/2"]
[WhiteElo "2533"]
[BlackElo "2442"]
[PlyCount "64"]
[EventDate "2005.01.08"]
[Source "Mark Crowther"]
[SourceDate "2005.01.24"]

1. e4 e5 2. Nf3 Nc6 3. Bb5 a6 4. Ba4 Nf6 5. d3 d6 6. c3 Bd7 7. Nbd2 g6 8. Nf1
Bg7 9. Ng3 O-O 10. O-O Re8 11. Re1 b5 12. Bb3 Na5 13. Bc2 c5 14. d4 cxd4 15.
cxd4 exd4 16. Nxd4 Qb6 17. Nf3 Ng4 18. Re2 Nc4 19. h3 Nge5 20. Ne1 Nc6 21. Bd3
Nd4 22. Bxc4 bxc4 23. Re3 Bc6 24. Bd2 Qxb2 25. Bc3 Qb6 26. Rb1 Qa7 27. Qd2 Be5
28. f4 Bg7 29. Kh1 Rad8 30. Rd1 Nb5 31. Bxg7 Kxg7 32. a4 Nc7 1/2-1/2

[Event "Keres Mem Rapid"]
[Site "Tallinn EST"]
[Date "2005.01.09"]
[Round "5"]
[White "Gelfand, B."]
[Black "Balashov, Y."]
[Result "0-1"]
[WhiteElo "2693"]
[BlackElo "2469"]
[PlyCount "76"]
[EventDate "2005.01.08"]
[Source "Mark Crowther"]
[SourceDate "2005.01.24"]

1. d4 Nf6 2. c4 e6 3. Nf3 Bb4+ 4. Nbd2 b6 5. a3 Bxd2+ 6. Qxd2 O-O 7. e3 Bb7 8.
Be2 d6 9. b4 Nbd7 10. Bb2 Qe7 11. O-O c5 12. Rfd1 Rfd8 13. bxc5 dxc5 14. Qc3
Rac8 15. Qb3 Nf8 16. a4 Ng6 17. a5 cxd4 18. Nxd4 Qc5 19. Qb5 Nd7 20. a6 Be4 21.
Qxc5 Nxc5 22. f3 e5 23. Nb5 Rxd1+ 24. Rxd1 Bc2 25. Rd2 Ba4 26. Nxa7 Ra8 27. Nb5
Nxa6 28. Rd6 Bxb5 29. cxb5 Nc5 30. Bc4 Na4 31. Ba3 Nf8 32. Bd5 Rb8 33. Bb4 g6
34. Bb3 Ra8 35. Rc6 Ra7 36. Rc8 Nc5 37. Bd5 Ra1+ 38. Kf2 Nd3+ 0-1

[Event "Keres Mem Rapid"]
[Site "Tallinn EST"]
[Date "2005.01.09"]
[Round "6"]
[White "Shirov, A."]
[Black "Balashov, Y."]
[Result "1-0"]
[WhiteElo "2726"]
[BlackElo "2469"]
[PlyCount "69"]
[EventDate "2005.01.08"]
[Source "Mark Crowther"]
[SourceDate "2005.01.24"]

1. e4 e5 2. Nf3 Nc6 3. Bb5 a6 4. Ba4 Nf6 5. O-O Be7 6. Re1 b5 7. Bb3 d6 8. h3
O-O 9. c3 Nd7 10. d4 Nb6 11. Nbd2 Bf6 12. dxe5 Nxe5 13. Nxe5 dxe5 14. Qf3 c5
15. Nf1 c4 16. Bc2 Be6 17. Be3 Qc7 18. Ng3 Nd7 19. Nf5 Bxf5 20. exf5 Nc5 21. a4
Rad8 22. axb5 axb5 23. Red1 h6 24. Rd5 Rxd5 25. Qxd5 Rc8 26. Ra8 Rxa8 27. Qxa8+
Kh7 28. Qd5 Nb7 29. Qxb5 Nd6 30. Qd5 Nc8 31. Bc5 Qa5 32. Qxc4 Qa1+ 33. Kh2 Qxb2
34. Bb3 Qd2 35. Qxf7 1-0

[Event "Keres Mem Rapid"]
[Site "Tallinn EST"]
[Date "2005.01.09"]
[Round "7"]
[White "Balashov, Y."]
[Black "Rytshagov, M."]
[Result "1/2-1/2"]
[WhiteElo "2469"]
[BlackElo "2442"]
[PlyCount "97"]
[EventDate "2005.01.08"]
[Source "Mark Crowther"]
[SourceDate "2005.01.24"]

1. d4 d5 2. c4 dxc4 3. Nf3 Nf6 4. Nc3 a6 5. e4 b5 6. e5 Nd5 7. a4 e6 8. axb5
Nb6 9. Be2 Be7 10. O-O O-O 11. Be3 axb5 12. Rxa8 Nxa8 13. Nxb5 Nb6 14. Nd2 Ba6
15. Nc3 Nc6 16. Nde4 Nb4 17. Nc5 Bxc5 18. dxc5 N6d5 19. Nxd5 Nxd5 20. Bc1 Qa8
21. Qa4 Rb8 22. Bxc4 Bxc4 23. Qxc4 Rb4 24. Qc2 Qa2 25. Qd3 Qc4 26. Qg3 Rb3 27.
Qg5 Qxc5 28. Qd8+ Qf8 29. Qd7 Rb8 30. h3 Qe8 31. Qxe8+ Rxe8 32. Rd1 Rb8 33. Rd3
Kf8 34. b3 Ra8 35. Bb2 Ra2 36. Rd2 Ke8 37. Kf1 Ra8 38. Ke1 Rb8 39. Rd3 Rb4 40.
g3 h5 41. h4 Rb8 42. Kd2 Rd8 43. Ke2 Ra8 44. Kd2 Ra2 45. Kc1 Ra5 46. Rd4 Rb5
47. Kc2 Nb4+ 48. Kc3 Nd5+ 49. Kc2 1/2-1/2

[Event "Keres Mem Rapid"]
[Site "Tallinn EST"]
[Date "2005.01.09"]
[Round "7"]
[White "Brodsky, M."]
[Black "Dobrov, V."]
[Result "1-0"]
[WhiteElo "2533"]
[BlackElo "2487"]
[PlyCount "62"]
[EventDate "2005.01.08"]
[Source "Mark Crowther"]
[SourceDate "2005.01.24"]

1. e4 c5 2. Nf3 d6 3. d4 cxd4 4. Nxd4 Nf6 5. f3 e6 6. c4 Be7 7. Nc3 a6 8. Be3
O-O 9. Be2 b6 10. O-O Bb7 11. Qd2 Nbd7 12. Kh1 Qc7 13. Rfc1 Rac8 14. Bf1 Qb8
15. Rab1 Bd8 16. Bg1 Bc7 17. Rc2 Kh8 18. b4 Rg8 19. Na4 Qa8 20. c5 dxc5 21.
bxc5 bxc5 22. Nxc5 Nxc5 23. Rxc5 Bd6 24. Nxe6 Bxc5 25. Nxc5 Bc6 26. Bxa6 Bxe4
27. fxe4 Rxc5 28. Bxc5 Nxe4 29. Qe3 Nxc5 30. Bc4 Qc8 31. Bxf7 Qf5 1-0

[Event "Keres Mem Rapid w"]
[Site "Tallinn EST"]
[Date "2005.01.08"]
[Round "1"]
[White "Ciuksyte, D."]
[Black "Narva, R."]
[Result "1-0"]
[WhiteElo "2361"]
[BlackElo "2076"]
[PlyCount "61"]
[EventDate "2005.01.08"]
[Source "Mark Crowther"]
[SourceDate "2005.01.24"]

1. e4 c5 2. Nf3 d6 3. d4 cxd4 4. Nxd4 Nf6 5. Nc3 g6 6. Bc4 Bg7 7. O-O Nc6 8.
Re1 O-O 9. h3 Bd7 10. Bb3 Rc8 11. Bg5 Ne5 12. Qe2 h6 13. Bh4 g5 14. Bg3 Ng6 15.
Nf5 Qa5 16. Nxg7 Kxg7 17. Rad1 g4 18. hxg4 Bxg4 19. f3 Be6 20. Nd5 Bxd5 21.
exd5 Rg8 22. c3 Nh5 23. Bh2 Kh8 24. Qd2 Rg7 25. Bc2 Rcg8 26. Qxh6+ Rh7 27. Qe3
Nf6 28. Bxg6 Rxg6 29. Qxe7 Nxd5 30. Qf8+ Rg8 31. Qxd6 1-0

[Event "Keres Mem Rapid w"]
[Site "Tallinn EST"]
[Date "2005.01.08"]
[Round "1"]
[White "Fomina, T."]
[Black "Golubenko, Valen"]
[Result "1/2-1/2"]
[WhiteElo "2207"]
[BlackElo "2158"]
[PlyCount "98"]
[EventDate "2005.01.08"]
[Source "Mark Crowther"]
[SourceDate "2005.01.24"]

1. d4 f5 2. Nc3 g6 3. Bg5 Bg7 4. e4 fxe4 5. Nxe4 d5 6. Nc3 Nf6 7. Qd2 O-O 8.
Nf3 Nc6 9. Ne5 Be6 10. Bb5 Nxe5 11. dxe5 Ng4 12. f4 d4 13. Ne4 Qd5 14. Bd3 Rae8
15. c4 Qc6 16. b4 Bxc4 17. Rc1 b5 18. Bxc4+ bxc4 19. Qxd4 h6 20. Rxc4 Qe6 21.
h3 Nxe5 22. fxe5 Bxe5 23. Qd3 hxg5 24. Rf1 Rxf1+ 25. Kxf1 Rf8+ 26. Kg1 Qb6+ 27.
Nc5 Rf5 28. Re4 Bd6 29. Qc4+ Kh7 30. Kh1 Rxc5 31. Qf7+ Kh6 32. Qf8+ Kh7 33.
Rxe7+ Bxe7 34. Qxe7+ Kh6 35. bxc5 Qc6 36. Qe3 Qf6 37. Kh2 Kh7 38. Kg3 a6 39. a4
Kg7 40. a5 Kh7 41. Kh2 Kg7 42. Qg3 Qe7 43. Qc3+ Kh7 44. Qd4 Qe6 45. Kg3 Qf5 46.
c6 Qxa5 47. Qd7+ Kg8 48. Qe8+ Kg7 49. Qe7+ Kg8 1/2-1/2

[Event "Keres Mem Rapid w"]
[Site "Tallinn EST"]
[Date "2005.01.08"]
[Round "1"]
[White "Cramling, P."]
[Black "Sarakauskiene, Z."]
[Result "1-0"]
[WhiteElo "2477"]
[BlackElo "2183"]
[PlyCount "69"]
[EventDate "2005.01.08"]
[Source "Mark Crowther"]
[SourceDate "2005.01.24"]

1. d4 d5 2. c4 e6 3. Nf3 Nf6 4. Nc3 Be7 5. Bg5 O-O 6. e3 h6 7. Bxf6 Bxf6 8. Qd2
c6 9. h4 Nd7 10. g4 Be7 11. g5 h5 12. a3 dxc4 13. Bxc4 c5 14. dxc5 Bxc5 15. Ne4
Be7 16. Rd1 Qc7 17. Rc1 Qb6 18. Be2 g6 19. Qc3 f5 20. gxf6 Nxf6 21. Nxf6+ Bxf6
22. Qc2 Qa5+ 23. b4 Qf5 24. Rg1 Bd7 25. Rxg6+ Kf7 26. Ng5+ Kxg6 27. Bd3 Rac8
28. Bxf5+ exf5 29. Qd2 Rxc1+ 30. Qxc1 Rc8 31. Qd1 Bb5 32. f3 Rc3 33. Qd6 Rxe3+
34. Kf2 Rxa3 35. Qe6 1-0

[Event "Keres Mem Rapid w"]
[Site "Tallinn EST"]
[Date "2005.01.08"]
[Round "2"]
[White "Sarakauskiene, Z."]
[Black "Tsiganova, M."]
[Result "1/2-1/2"]
[WhiteElo "2183"]
[BlackElo "2211"]
[PlyCount "55"]
[EventDate "2005.01.08"]
[Source "Mark Crowther"]
[SourceDate "2005.01.24"]

1. e4 c6 2. c4 d5 3. cxd5 cxd5 4. exd5 Nf6 5. Nc3 g6 6. Bc4 Bg7 7. Nf3 O-O 8.
O-O Nbd7 9. d3 Nb6 10. Qb3 Bf5 11. Be3 Nfd7 12. Nh4 Rc8 13. Nxf5 gxf5 14. Rac1
Nc5 15. Qc2 Qd6 16. Qd2 a6 17. Bf4 Qg6 18. Rfe1 Rfe8 19. b4 Ne4 20. Nxe4 fxe4
21. Rxe4 Qf5 22. Bh6 Bf6 23. Rf4 Qh5 24. Rf3 Nxd5 25. Rh3 Qf5 26. Rf3 Qh5 27.
Rh3 Qf5 28. Rf3 1/2-1/2

[Event "Keres Mem Rapid w"]
[Site "Tallinn EST"]
[Date "2005.01.08"]
[Round "2"]
[White "Ciuksyte, D."]
[Black "Fomina, T."]
[Result "1-0"]
[WhiteElo "2361"]
[BlackElo "2207"]
[PlyCount "115"]
[EventDate "2005.01.08"]
[Source "Mark Crowther"]
[SourceDate "2005.01.24"]

1. e4 c5 2. Nf3 e6 3. d4 cxd4 4. Nxd4 Nc6 5. Nb5 Nf6 6. N1c3 Bb4 7. a3 Bxc3+ 8.
Nxc3 O-O 9. Qd6 Ne8 10. Qg3 d5 11. Bd3 d4 12. Ne2 e5 13. O-O f5 14. exf5 Bxf5
15. Bxf5 Rxf5 16. Qg4 Nd6 17. Ng3 Rf7 18. Bg5 Qd7 19. Qxd7 Rxd7 20. Rfe1 Re8
21. Ne4 Nxe4 22. Rxe4 h6 23. Bf4 d3 24. cxd3 Rxd3 25. Rae1 Rb3 26. R4e2 Rd8 27.
Bg3 Rdd3 28. h3 Kh7 29. Kh2 Nd4 30. Rxe5 Rxb2 31. R1e4 Nc6 32. Rf5 Rxa3 33. Rf7
Ra5 34. h4 h5 35. Bd6 Nd8 36. Rd7 Rxf2 37. Rxd8 Raa2 38. Kh3 Rxg2 39. Bg3 Rg1
40. Be5 Rh1+ 41. Kg3 Rg1+ 42. Kf3 Rf1+ 43. Kg3 Rg1+ 44. Kf3 a5 45. Rd7 b5 46.
Bd4 Rg6 47. Re5 Ra3+ 48. Ke4 Rg4+ 49. Kd5 Rxh4 50. Rg5 Rg4 51. Rxh5+ Kg6 52.
Rh8 Rg5+ 53. Ke6 Re3+ 54. Bxe3 Rf5 55. Bd4 Kg5 56. Rxg7+ Kf4 57. Rh4+ Kf3 58.
Kxf5 1-0

[Event "Keres Mem Rapid w"]
[Site "Tallinn EST"]
[Date "2005.01.08"]
[Round "2"]
[White "Golubenko, Valen"]
[Black "Cramling, P."]
[Result "0-1"]
[WhiteElo "2158"]
[BlackElo "2477"]
[PlyCount "62"]
[EventDate "2005.01.08"]
[Source "Mark Crowther"]
[SourceDate "2005.01.24"]

1. d4 d5 2. c4 c6 3. Nf3 Nf6 4. Nc3 dxc4 5. a4 Bf5 6. e3 e6 7. Bxc4 Bb4 8. O-O
O-O 9. Qb3 Qe7 10. Bd2 a5 11. Rae1 Bg6 12. Ne2 Bxd2 13. Nxd2 Rd8 14. Nf3 Be4
15. Ne5 Bd5 16. Rd1 Na6 17. Rfe1 Nb4 18. Nc3 Qc7 19. Bxd5 exd5 20. Rc1 Re8 21.
Ne2 Ne4 22. Nf4 Qe7 23. f3 Nd6 24. e4 Qg5 25. Qe3 f6 26. Ng4 Nc4 27. Rxc4 dxc4
28. Rc1 b5 29. h3 f5 30. Ne5 Rad8 31. Rd1 Rxe5 0-1

[Event "Keres Mem Rapid w"]
[Site "Tallinn EST"]
[Date "2005.01.08"]
[Round "3"]
[White "Cramling, P."]
[Black "Ciuksyte, D."]
[Result "0-1"]
[WhiteElo "2477"]
[BlackElo "2361"]
[PlyCount "98"]
[EventDate "2005.01.08"]
[Source "Mark Crowther"]
[SourceDate "2005.01.24"]

1. d4 Nf6 2. Nf3 e6 3. c4 Bb4+ 4. Nbd2 O-O 5. a3 Bxd2+ 6. Bxd2 Ne4 7. Be3 d5 8.
Qc2 Nd6 9. c5 Nf5 10. Bf4 Nc6 11. e3 a5 12. Bd3 h6 13. g4 Nh4 14. Nxh4 Qxh4 15.
Bxc7 e5 16. dxe5 Bxg4 17. Be2 Rfe8 18. O-O-O Rac8 19. Bd6 Bxe2 20. Qxe2 Nxe5
21. Rxd5 Nc4 22. Bg3 Qe4 23. Rhd1 Nb6 24. f3 Qe7 25. Bd6 Qxe3+ 26. Qxe3 Rxe3
27. R5d3 Re2 28. Rb3 Nc4 29. Kb1 Nd2+ 30. Rxd2 Rxd2 31. Rxb7 a4 32. Rb4 Rf2 33.
Rxa4 Rxf3 34. Rc4 f5 35. c6 Kf7 36. c7 Ke6 37. Bg3 g5 38. Rc6+ Kd7 39. Rd6+ Ke7
40. Be5 Rxc7 41. Rxh6 Rf1+ 42. Ka2 Rc2 43. Bf6+ Kd7 44. h3 f4 45. Kb3 Re2 46.
Bxg5 f3 47. Rf6 f2 48. Bh4 Rb1 49. Rf7+ Ke8 0-1

[Event "Keres Mem Rapid w"]
[Site "Tallinn EST"]
[Date "2005.01.08"]
[Round "3"]
[White "Fomina, T."]
[Black "Narva, R."]
[Result "1/2-1/2"]
[WhiteElo "2207"]
[BlackElo "2076"]
[PlyCount "40"]
[EventDate "2005.01.08"]
[Source "Mark Crowther"]
[SourceDate "2005.01.24"]

1. d4 Nf6 2. Nc3 g6 3. Bg5 Bg7 4. Qd2 d6 5. e4 a6 6. a4 b6 7. Bd3 c5 8. d5 Ra7
9. Bh6 O-O 10. Bxg7 Kxg7 11. f4 e6 12. dxe6 fxe6 13. Nf3 d5 14. e5 Nh5 15. g3
Nc6 16. O-O Kh8 17. Nh4 Nxf4 18. Rxf4 Rxf4 19. Qxf4 g5 20. Ng6+ hxg6 1/2-1/2

[Event "Keres Mem Rapid w"]
[Site "Tallinn EST"]
[Date "2005.01.08"]
[Round "3"]
[White "Tsiganova, M."]
[Black "Golubenko, Valen"]
[Result "1-0"]
[WhiteElo "2211"]
[BlackElo "2158"]
[PlyCount "93"]
[EventDate "2005.01.08"]
[Source "Mark Crowther"]
[SourceDate "2005.01.24"]

1. e4 c5 2. Nf3 e6 3. d4 cxd4 4. Nxd4 Nf6 5. Nc3 d6 6. g3 Be7 7. Bg2 O-O 8. O-O
a6 9. a4 Qc7 10. h3 Nc6 11. Nb3 b6 12. Be3 Rb8 13. Qe2 Ne5 14. Nd2 Rd8 15. f4
Nc6 16. Rad1 Nb4 17. Nb3 Bb7 18. Qf2 Ba8 19. g4 Nd7 20. Rd4 Nc6 21. Rd2 Nc5 22.
Nc1 Bf6 23. N1e2 Be7 24. Rfd1 Nd7 25. g5 b5 26. axb5 axb5 27. Ng3 b4 28. Nce2
Na5 29. b3 Nc5 30. Nd4 Nc6 31. h4 Nxd4 32. Bxd4 Bc6 33. h5 Qb7 34. Bxc5 dxc5
35. Rxd8+ Rxd8 36. Rxd8+ Bxd8 37. Qd2 Be7 38. Kh2 Qc7 39. h6 Bf8 40. hxg7 Bxg7
41. Nh5 Bc3 42. Qf2 Bd4 43. Qg3 Qd8 44. e5 Bxg2 45. Nf6+ Kh8 46. Qxg2 Qf8 47.
Qe4 1-0

[Event "Keres Mem Rapid w"]
[Site "Tallinn EST"]
[Date "2005.01.08"]
[Round "3"]
[White "Kovalevskaya, E."]
[Black "Sarakauskiene, Z."]
[Result "1-0"]
[WhiteElo "2471"]
[BlackElo "2183"]
[PlyCount "133"]
[EventDate "2005.01.08"]
[Source "Mark Crowther"]
[SourceDate "2005.01.24"]

1. e4 c5 2. Nc3 e6 3. f4 Qc7 4. g3 a6 5. Bg2 b6 6. Nf3 Bb7 7. d3 Be7 8. O-O Nf6
9. e5 Ng4 10. h3 Nh6 11. Be3 d6 12. exd6 Bxd6 13. Ne4 Be7 14. Bf2 Nd7 15. Qe2
O-O 16. Rae1 Nf5 17. c3 Rfe8 18. g4 Nd6 19. Ng3 Bf8 20. Ne5 f6 21. Nxd7 Qxd7
22. Be3 Nf7 23. Bxb7 Qxb7 24. Qg2 Qxg2+ 25. Kxg2 Rad8 26. d4 cxd4 27. Bxd4 e5
28. fxe5 fxe5 29. Be3 Nd6 30. b3 b5 31. Bc5 Nf7 32. Bxf8 Rxf8 33. Ne4 Rd3 34.
Re2 Rc8 35. Rf3 Rd7 36. b4 h6 37. Rfe3 Kf8 38. Nc5 Rd6 39. Rf2 Ke7 40. a3 Rcc6
41. Nd3 Re6 42. Nc5 Red6 43. Rfe2 Rd5 44. Rf3 Rdd6 45. Ref2 Rf6 46. Rd3 Rfd6
47. Rfd2 Rxd3 48. Rxd3 Nd6 49. Kf3 Nc4 50. Rd7+ Kf6 51. Ra7 Nxa3 52. Ke4 Nb1
53. Kd5 Rc8 54. Ne4+ Kg6 55. Rxa6+ Kh7 56. Rc6 Re8 57. Rc7 Kg6 58. h4 h5 59.
Rc6+ Kh7 60. gxh5 Na3 61. h6 Nc4 62. Ng5+ Kh8 63. hxg7+ Kxg7 64. h5 e4 65. Ne6+
Kh8 66. Kxe4 Kh7 67. Kd5 1-0